प्राथमिक चिकित्सा / (Record no. 56492)

MARC details
000 -LEADER
fixed length control field 02171 a2200229 4500
005 - DATE AND TIME OF LATEST TRANSACTION
control field 20110907154553.0
010 ## - LCCN (DPL NO)
LC control number G-001235
020 ## - INTERNATIONAL STANDARD BOOK NUMBER
Terms of availability 40.00
International Standard Book Number
035 ## - SYSTEM CONTROL NUMBER
System control number G-001235
037 ## - SOURCE OF ACQUISITION
Source of stock number/acquisition उपहार
082 14 - DEWEY DECIMAL CLASSIFICATION NUMBER
Classification number 616.0252
100 1# - MAIN ENTRY--PERSONAL NAME
Personal name रामदत्त
245 1# - TITLE STATEMENT
Title प्राथमिक चिकित्सा /
Statement of responsibility, etc रामदत्त
246 ## - VARYING FORM OF TITLE
Title proper/short title
Remainder of title
260 ## - PUBLICATION, DISTRIBUTION, ETC. (IMPRINT)
Place of publication, distribution, etc जयपुर
Name of publisher, distributor, etc देवनागर प्रकाशन
Date of publication, distribution, etc 2008
270 ## - ADDRESS
Address चौड़ा रास्ता
City जयपुर
Postal code 302003
300 ## - PHYSICAL DESCRIPTION
Extent 64पृ.
Other physical details सचित्र
Dimensions 21सेमी (अजिल्द)
650 ## - SUBJECT ADDED ENTRY--TOPICAL TERM
Topical term or geographic name as entry element
942 ## - ADDED ENTRY ELEMENTS (KOHA)
Institution code [OBSOLETE] dpl
Item type Children Books
Call number prefix
Source of classification or shelving scheme Dewey Decimal Classification
Classification part 616.0252
Call number suffix रामद
Holdings
Withdrawn status Lost status Not for loan Collection code Home library Current library Date acquired Source of acquisition Cost, normal purchase price Full call number Barcode Copy number Cost, replacement price Koha item type
      Non-fiction Katevara Katevara 07/09/2011 उपहार 40.00 616.0252 रामद G-001235 1 40.00 Children Books

© Delhi Public Library
Hit Counter
free hit counter